| 000 | 00780nam a2200229 u 4500 | ||
|---|---|---|---|
| 005 | 20210223132618.0 | ||
| 008 | 150507s2004 es r 000 0 spa d | ||
| 020 | _a8427227213 | ||
| 035 | _aUPN01000203271 | ||
| 049 | _aI | ||
| 050 | 4 |
_aDT61 _bR6.2 |
|
| 100 | 1 |
_aRoss, Stewart, _d1947- _937863 |
|
| 245 | 1 | 3 |
_aEl antigüo Egipto / _cStewart Ross ; il. Inklink ; tr. Josefina Caball Guerrero. |
| 260 |
_aBarcelona, Esp. : _bMolino, _c2004. |
||
| 300 |
_a31 p. : _bil. col. |
||
| 440 | 0 | _aHistorias del más allá | |
| 500 | _a"Una apasionada historia ilustrada sobre asesinatos, magia y misterio" | ||
| 534 |
_pTitulo original: _tTales of the dead : ancient Egipt |
||
| 651 | 4 |
_aEGIPTO - _xHISTORIA - _vLITERATURA INFANTIL _911373 |
|
| 905 | _aInfantil | ||
| 999 |
_c175372 _d175372 |
||